| 000 | 01249nam a22003497a 4500 | ||
|---|---|---|---|
| 003 | CHAP | ||
| 005 | 20220329132953.0 | ||
| 008 | 971013s1989 it r 00010 eng d | ||
| 010 | _a798 | ||
| 011 | _a1770 | ||
| 035 | _a947 | ||
| 040 | _cCHAP | ||
| 082 | 0 | 4 |
_a636.08 _bF31 |
| 110 | 2 |
_aFAO. División de Producción y Sanidad Animal _939525 |
|
| 245 | 1 | _aBiotechnology for livestock production | |
| 260 |
_aRome : _bFAO, _c1989 |
||
| 300 | _a452 p. | ||
| 500 | _a39-22 | ||
| 500 | _aProceedings of the expert Consultation on the Application of Biotechnology in Livestock Production and Healthin Developing Countries (1986: Rome, Italy) | ||
| 590 |
_aBATCH-UPD _b10 _c20130110 _lUCH01 _h0156 |
||
| 590 |
_aBATCH-UPD _b10 _c20130110 _lUCH01 _h1557 |
||
| 590 |
_aBATCH-UPD _b10 _c20130410 _lUCH01 _h0955 |
||
| 590 |
_aBATCH-UPD _b10 _c20130914 _lUCH01 _h0639 |
||
| 590 |
_aCONVERSION _b10 _c20130109 _lUCH01 _h1302 |
||
| 650 | 1 | 4 |
_aBiotecnología. _912878 |
| 650 | 1 | 4 |
_aGanado _xProducción _xCongresos. _944947 |
| 650 | 1 | 4 |
_aVeterinaria _xCongresos. _9118991 |
| 711 | 0 |
_aExpert Consultation on the Application of Biotechnology... _939068 |
|
| 901 | _aBK | ||
| 942 | _cLIBRO | ||
| 949 |
_a636.08 F31 _bBC _cFAO _d-10408 _eFAO1 _gI. 151408 _h78002 _i947 _si _t335.23 |
||
| 999 |
_c798 _d798 |
||